History Quiz

Random History or Nation Quiz

Original 13 Colonies Minefield Quiz Stats

 Plays Quiz not verified by Sporcle

Score 0/14 Timer 02:00
0 Plays Today
Founded Colony % Correct
1664???
85.7%
1607???
81.5%
1653???
75.9%
1620???
75.3%
1663???
75.2%
1664???
74.4%
1638???
74.1%
Founded Colony % Correct
1732???
73.5%
1634???
73.1%
1636???
71.4%
1682???
70%
1635???
67.9%
1623???
67.2%
*MINE*???
65.9%

You're not logged in!

Compare scores with friends on all Sporcle quizzes.
OR
Log In

Sporcle TV

Today on Sporcle TV


Watch our educational content, quiz creation guides, and fun videos on Sporcle TV.

Show Comments

Extras

Top Quizzes Today


Score Distribution

Your Account Isn't Verified!

In order to create a playlist on Sporcle, you need to verify the email address you used during registration. Go to your Sporcle Settings to finish the process.

Report this User

Report this user for behavior that violates our Community Guidelines.

Details: